1980 1321 1007 1816 1609 1567 1863 1971 1316 1486 1688 1927 1801 1857 1334 1554 1757 1036 1031 1047 1855 1353 1773 1097 1221 1677 1714 1268 1837 1644 1411 1485 1071 1932 1375 1744 1593 1948 1421 1455 1629 1552 1735 1858 1945 1743 1698 1523 1750 1874 1433 1355 1715 1391 1349 1779 1978 1321 1150 1284 1679 1451 1254 1147 1428 1130 1638 1888 1789 1488 1125 1115 1598 1816 1615 1844 1126 1672 1269 1386 1840 1559 1000 1830 1726 1928 1586 1954 1479 1932 1870 1388 1069 1378 1879 1035 1279 1195 1041 BCNSPRNW ULIB Ver.6.0+V

เปลี่ยนเป็นภาษาไทย

Change to English
 แสดงรายละเอียดบรรณานุกรม
  กลับหน้าหลัก

Brief Record : Get Marc (ISO 2709) : E-mail record : QR code < ปิดหน้าต่าง
LEADER : 00000nam 2200000uu 4500
001    13399120799
003     ULIB
008    121017s2549||||th 000 0 tha d
060 04 ^aWY101^bจ285ก
100 0  จันทิมา นวะมะวัฒน์
245 00 ^aการพยาบาลฉุกเฉิน /^cจันทิมา นวะมะวัฒน์
260    ^aกรุงเทพฯ :^bวิทยาลัยพยาบาลบรมราชชนนี สวรรค์ประชารักษ์ นครสวรรค์,^c2549
300    ^a56 หน้า
650  2 ^aEmergency Nursing
650  7 ^aการพยาบาลฉุกเฉิน
650  7 ^aอุบัติเหตุ
710 2  ^aวิทยาลัยพยาบาลบรมราชชนนี สวรรค์ประชารักษ์ นครสวรรค์
945    ^p0^l0^i14011
945    ^p0^l0^i14012
995    ^aทศพร
999    ^aทศพร เกษรทอง
รายการนี้ยังไม่มีแท็ก
คุณยังไม่ได้ล็อกอิน คุณสามารถมีกิจกรรมร่วมกับเว็บไซต์ได้ แต่ต้องล็อกอินก่อน ::
  ล็อกอิน

รายการสื่อสารสนเทศ

ลำดับที่ ประเภท เลขเรียก/บาร์โค้ด สถานที่ สถานะ
1. วิทยาศาสตร์การแพทย์ และสุขภาพ
วิทยาศาสตร์การแพทย์ และสุขภาพ
สถานะ=หนังสือเก่า
WY101 จ285ก ฉ.1 
  Barcode: 14011
ห้องสมุดวิทยาเขตนครสวรรค์
►หนังสือทั่วไป:l:General Books
บนชั้น
2. Book การพยาบาล
Book การพยาบาล
สถานะ=หนังสือเก่า
WY101 จ285ก ฉ.2 
  Barcode: 14012
ห้องสมุดวิทยาเขตนครสวรรค์
►หนังสือทั่วไป:l:General Books
บนชั้น

รายการใกล้เคียง
    หัวเรื่อง [Emergency Nursing]
    หัวเรื่อง [การพยาบาลฉุกเฉิน]
    หัวเรื่อง [อุบัติเหตุ]

BibComment


ยังไม่เคยถูกคอมเมนท์

คอมเมนท์ทรัพยากรรายการนี้
  คอมเมนท์: การพยาบาลฉุกเฉิน..


 Copyright 2026. Bcnsprnw @Library